General view of the agriculture and domestic economy of North Wales drawn up for the consideration of the Board of Agriculture and Internal Improvement (Record no. 113614)

MARC details
000 -LEADER
fixed length control field 00723cam a22001935a 4500
001 - CONTROL NUMBER
control field L155502
008 - FIXED-LENGTH DATA ELEMENTS--GENERAL INFORMATION
fixed length control field 120327s1813 xxk f 000 0 eng d
035 ## - SYSTEM CONTROL NUMBER
System control number (Sirsi) u155502
041 0# - LANGUAGE CODE
Language code of text/sound track or separate title eng
100 1# - MAIN ENTRY--PERSONAL NAME
Personal name Davies, Walter
Dates associated with a name 1761-1849
245 00 - TITLE STATEMENT
Title General view of the agriculture and domestic economy of North Wales drawn up for the consideration of the Board of Agriculture and Internal Improvement
260 ## - PUBLICATION, DISTRIBUTION, ETC.
Place of publication, distribution, etc. London
Name of publisher, distributor, etc. Printed for Sherwood, Neely, and Jones
Date of publication, distribution, etc. 1813
300 ## - PHYSICAL DESCRIPTION
Extent xvi, 510 p., 2 leaves of plates (one folded)
Other physical details ill., map, plan
Dimensions 23 cm.
583 ## - ACTION NOTE
Action Condition reviewed
Time/date of action 20120620
Status condition level 1
651 #4 - SUBJECT ADDED ENTRY--GEOGRAPHIC NAME
Geographic name Wales
Chronological subdivision 2007-
690 ## - LOCAL SUBJECT ADDED ENTRY--TOPICAL TERM (OCLC, RLIN)
Topical term or geographic name as entry element Rural
9 (RLIN) 6268
710 1# - ADDED ENTRY--CORPORATE NAME
Corporate name or jurisdiction name as entry element Board of Agriculture
942 ## - ADDED ENTRY ELEMENTS (KOHA)
Suppress in OPAC 0
Holdings
Withdrawn status Lost status Source of classification or shelving scheme Damaged status Not for loan Home library Current library Shelving location Date acquired Total Checkouts Full call number Barcode Date last seen Copy number Price effective from Koha item type
    Dewey Decimal Classification     Historic collection Historic collection Historic collection 27/03/2012   OCTAVO 1813 DAVIES 30075373 06/08/2019 1 06/08/2019 Book